Taille de soutien-gorge et bonnet par indice (click quiz) - Statistiques

Statistiques générales
  • Ce quiz a été pris 32 fois
    29 depuis la dernière actualisation
  • Le résultat moyen est 3 sur 8
Statistiques - réponses
Hint Réponse % Correct
75 Elysée
52%
80 Amiens
40%
95 Herblay-sur-Seine
36%
85 Bas-Poitou (ancien)
32%
90 Doubs (limitrophe)
32%
105 Cannes
24%
110 Frontière belge (près de la)
24%
100 Gex
20%
Aucun quiz correspondant
Distribution des résultats
% des personnes avec chaque résultat
Percentile par nombre de réponses
Votre historique - résultats
Vous n’avez pas pris ce quiz depuis la dernière actualisation